00314nam a22001337a 4500003000400000008004100004020001800045082001500063100002500078245003300103250001100136260002500147300000800172OSt240410b |||||||| |||| 00| 0 eng d a9789386551931 a006.31 VIM aVIJAYVARGIA,Abhishek aMachine Learning with Python a1st Ed aNew DelhibBPBc2024 a257